Леон Батиста Алберти (Запис номер 114859)
[ съкратено ]
| 000 -Лидер | |
|---|---|
| Контролно поле с фиксирана дължина | 01771nam a2200373 c 4500 |
| 003 - Код на организацията, давaща контролен номер | |
| Контролно поле | BLK |
| 005 - Дата и час на последна редакция | |
| Контролно поле | 20180422110249.0 |
| 008 - Елементи от данни с фиксирана дължина | |
| fixed length control field | 180409b bul|||||r ||||||| ||bul|| |
| 010 ## - Наследен системен номер | |
| LC control number | KNG00120300000 |
| 040 ## - Източник на каталожния запис | |
| Идентификатор на билиотеката - собственик на записа | BLK |
| 041 ## - Код за език | |
| Код за езика на текст/звукозапис или на отделно заглавие | Български |
| Код за езика КДБФ | Български |
| 080 ## - УДК | |
| Текстов определител УДК | Архитектура |
| УДК код - определител по УДК | 72 |
| УДК определител | (45)(092) |
| УДК - код + определител | 72(45)(092) |
| 080 ## - УДК | |
| Текстов определител УДК | Италиански архитект, художник, поет , лингвист, философ и музикант от епохата на Ренесанса |
| УДК код - определител по УДК | 929 Алберти, Леон Батиста |
| УДК определител | |
| УДК - код + определител | 929 Алберти, Леон Батиста |
| 100 1# - Редна дума - Автор | |
| Автор | Бичев, Милко Петров |
| Авторска отговорност | първи автор |
| R(LIN) | 313727 |
| 139 ## - Редно поле | |
| Редна дума | Бичев, Милко |
| Авторски знак | Алб - А 47 |
| 245 10 - Сведения за заглавието | |
| Заглавие | Леон Батиста Алберти |
| Подзаглавни данни | Лит.-ист. студия |
| Редно поле (дума) | Милко Петров Бичев; предг. от Атанас Стойков. |
| 257 ## - Страна на издаване | |
| Страна на създаване/издаване | България |
| 260 ## - Област на издателските данни | |
| -- | София |
| Име на издателя, разпространителя и проч. | Наука и изкуство |
| Година на издаване | 1983 |
| Печатница | Враца : В. Александров |
| 300 ## - Физическа характеристика | |
| Страници | 51 с. |
| Илюстрации и др. | с ил., портр., 16 л. ил. |
| Размери/Мащаб | 30 см |
| 380 ## - Жанр | |
| Жанр | Изкуство |
| 500 ## - Общи забележки | |
| Забележка | Авт. не е отбелязан на кор. - 905 тир. - Библиогр. с. 49. |
| 504 ## - Забележка за наличие на библиография и др | |
| Забележка за наличие на библиография и под. | 49 |
| 600 14 - Име на лице, използвано като предмет | |
| За него / За нея | Алберти, Леон Батиста |
| 9 (RLIN) | 313728 |
| 650 #4 - Допълнително описание по предмет – тема | |
| Основно описание – тема или топоним | Архитектура, италианска |
| 9 (RLIN) | 313673 |
| 653 ## - Ключова дума – ненормативна | |
| Ключова дума | архитектура |
| 653 ## - Ключова дума – ненормативна | |
| Ключова дума | Италия |
| 653 ## - Ключова дума – ненормативна | |
| Ключова дума | Леон Алберти |
| 700 1# - Други автори (авторска отговорност) | |
| Лично име | Стойков, Атанас |
| Автороска отговорност (Описва отношението между автора и произведението) | предг. от |
| Друга информация | Атанасов, Атанас Стойков |
| 9 (RLIN) | 369553 |
| 852 ## - Местоположение | |
| Форматна сигнатура | Цб II 6501 |
| 856 4# - Електронен адрес и достъп | |
| Електронен формат | pdf - файл |
| Път до файла /url/ | |
| 856 4# - Електронен адрес и достъп | |
| Електронен формат | pdf - файл |
| Път до файла /url/ | |
| 942 ## - АРТИКУЛИ | |
| Вид на библиотечния материал | Книги |
| Скрит в OPAC | Не |
| 944 ## - СЪЗДАВАНЕ И РЕДАКЦИЯ на ЗАПИСА | |
| Създаване/Редакция | Създаване |
| Дата на регистрацията/редакция | 03.12.2010 |
| Статус, дата на статуса | ф / 02.12.2010 |
| Служител, извършил регистрацията/редакцията | Наталия_Любомирова |
| 944 ## - СЪЗДАВАНЕ И РЕДАКЦИЯ на ЗАПИСА | |
| Създаване/Редакция | Редакция |
| Дата на регистрацията/редакция | 11.11.2014 |
| Статус, дата на статуса | ф / 02.12.2010 |
| Служител, извършил регистрацията/редакцията | Геновева_Генчева |
| 999 ## - СИСТЕМНИ КОНТРОЛНИ НОМЕРА | |
| Koha biblionumber | 114859 |
| Koha biblioitemnumber | 114859 |
| Код за отписване | Код за изгубен артикул | Източник на класификационната схема | Код за повреда | Коз за рестрикции | Код за отдаване | Артикулен № | Име на библиотеката - собственик | Име на библиотеката, в която се намира в момента | Статус (Текущо местоположение) | Дата на вписване в системата | Местоположение - отдел | Цена в лева | Инвентарен номер | Систематично азбучна сигнатура | Баркод | Номер на екземпляра | Цена в евро | Служебна бележка | Служебен тип на артикула |
|---|---|---|---|---|---|---|---|---|---|---|---|---|---|---|---|---|---|---|---|
| Не е изгубен | Universal Decimal Classification | Не е повреден | без рестрикции | заемане за дома | 184268 | Регионална библиотека "Любен Каравелов" Русе | Регионална библиотека "Любен Каравелов" Русе | Отдел Изкуство - подръчен фонд | 1977-01-01 | Отдел Изкуство - подръчен фонд | 2.09 | 391399 | 72/А 47 | 120000391399 | 1 | 1.07 | Дост: Pk Вид: Ф N: стар фонд Дата: 01.01.1977 Дата инв: 06.06.2012 Бележки инв: * | Книги | |
| Не е изгубен | Universal Decimal Classification | Не е повреден | само за читалня | ползва се в читалня | 184269 | Регионална библиотека "Любен Каравелов" Русе | Регионална библиотека "Любен Каравелов" Русе | Хранилище | 1977-01-01 | Хранилище | 2.09 | 389924 | Цб II 6501 | 120000389924 | 2 | 1.07 | Дост: Dp Вид: Д N: стар фонд Дата: 01.01.1977 | Книги |